| 000 | 00909nam a22002537a 4500 | ||
|---|---|---|---|
| 003 | BD-DhSAU | ||
| 005 | 20181206152944.0 | ||
| 008 | 161006b2015 bg ad||| |||| 00| 0 eng d | ||
| 040 | _aBD-DhSAU | ||
| 082 |
_222 _a630 _bK455 |
||
| 100 |
_aKhatun, Golapy _4Regi. no. 14-06361 |
||
| 245 |
_aScreening of Hybrid Rice lines for T. Aman season / _c Golapy Khatun _bMs Thesis |
||
| 260 |
_aDhaka : Sher- e- Bangla Agricultural University : _bDepartment of Agronomy , _c2015 |
||
| 300 |
_aviii, 64 p. : _bill. ; _c30 cm. |
||
| 504 | _aIncludes bibliographical references. | ||
| 590 | _aKamim | ||
| 650 | _aAgronomy | ||
| 650 | _aScreening of Hybrid Rice lines | ||
| 650 | _a T. Aman season | ||
| 700 |
_aHossain, H.M.M.Tariq _4Supervisor |
||
| 700 |
_aIslam, Md. Shahidul _4Co-Supervisor |
||
| 856 |
_u http://archive.saulibrary.edu.bd:8080/xmlui/handle/123456789/603 _yOnline Access |
||
| 942 |
_2ddc _cTHESIS |
||
| 999 |
_c13869 _d13868 |
||